| 000 | 00697nam a2200241Ia 4500 | ||
|---|---|---|---|
| 005 | 20260121112805.0 | ||
| 008 | 8823 260114s9999 xx 000 0 eng d | ||
| 020 | _a9789812777003 | ||
| 037 | _aEBOOK | ||
| 040 |
_aCRL _beng _cCRL |
||
| 041 |
_aeng _2eng |
||
| 084 | _qCRL | ||
| 100 |
_aKuno Y Et Al _9963269 |
||
| 245 | 0 | _aNew Initiatives on Lepton Flavor Violation and Neutrino Oscillation with High Intense Muon and Neutrino Sources | |
| 260 | _bWorld Scientific | ||
| 260 | _bWSPC | ||
| 260 | _c2002 | ||
| 650 |
_aPhysics _9963270 |
||
| 856 | _uhttps://www.worldscientific.com/worldscibooks/10.1142/5035#t=toc | ||
| 942 | _cEBOOK | ||
| 999 |
_c1546123 _d1546123 |
||